Les origines des footballeurs - Statistiques

Statistiques générales
  • Ce quiz a été pris 616 fois
  • Le résultat moyen est 7 sur 20
Statistiques - réponses
Joueur Pays % Correct
Karim Benzema Algérie
99%
Aymeric Laporte Espagne
77%
Michel Platini Italie
45%
Wissam Ben Yedder Tunisie
44%
Antoine Griezmann Alemagne/Portugal
42%
Gonzalo Higuain France
40%
Diego Costa Brésil
36%
Granit Xhaka Albanie
31%
Mario Balotelli Ghana
31%
Paul Pogba Guinée
31%
Kevin-Prince Boateng Allemagne
30%
Zlatan Ibrahimovic Bosnie/Croatie
29%
Raheem Sterling Jamaïque
26%
Léon Bailey Angleterre
24%
Samuel Umtiti Cameroun
23%
Xherdan Shaqiri Kosovo
20%
Raymond Kopa Pologne
20%
Radja Nainggolan Indonésie/Inde
14%
Tammy Abraham Nigeria
14%
Divock Origi Kenya
4%
Aucun quiz correspondant
Distribution des résultats
% des personnes avec chaque résultat
Percentile par nombre de réponses
Votre historique - résultats
Vous n’avez pas pris ce quiz